000
003270000a22001450004500
003
MACL
040
_a
MACL
090
_c
42962
_d
42960
100
_a
Chadha, Dr Anupriya
245
_a
Child Psychology
260
_b
A P H Publishing Corporation
_c
2007
350
_a
295
650
_a
Child Psychology
942
_c
BOOK
_k
155.4/CHA
999
_c
42507
_d
42507